000 01046nam a22003013i 4500
001 BDZ0057712078
003 StDuBDS
005 20260416092449.0
007 cr||||||||||||
008 250627s2025 enk go 000|0 spa d
020 _a9798215182109 :
_c5.53
040 _aStDuBDS
_beng
_erda
_cStDuBDS
100 1 _aFranklin Diaz, Larez,
_eauthor.
245 1 0 _aSpagna Immobiliare :
_bTutto Quello Che Ti Serve Per Iniziare Nel Mercato Immobiliare Spagnolo /
_cLarez Franklin Diaz.
260 _aIsola Di Tenerife, Spain
264 1 _aIsola Di Tenerife, Spain,
_c2025
300 _a1 online resource
336 _atext
_2rdacontent
337 _aunmediated
_2rdamedia
338 _avolume
_2rdacarrier
366 _b20250627
_cAvailable
650 _aEBOOK
650 _aREAL ESTATE
651 _aSPAIN
700 _aLarez, Franklin Diaz
856 4 0 _uhttps://www.vlebooks.com/product/openreader?id=RICS&accId=9491556&isbn=9798215182109
_zAvailable via Vlebooks (email [email protected] if you do not have a login)
942 _2ddc
999 _c122242
_d122242